| 000 | nam a22 7a 4500 | ||
|---|---|---|---|
| 999 |
_c16099 _d16099 |
||
| 008 | 161108b xxu||||| |||| 00| 0 eng d | ||
| 020 | _a0314068066 | ||
| 050 | _aBF 39 .G72 1996 | ||
| 100 | _aGravetter, Frederick J. | ||
| 245 |
_aStatistics for the behavioral sciences/ _ba first course for students of psychology and education/ _cFrederick J. Gravetter and Larry B. wallnau. |
||
| 250 | _a4th ed. | ||
| 260 |
_aSan Francisco : _bWest Publishing Company , _c1996. |
||
| 300 |
_axiv, 631p. : _bill. ; _c26cm. |
||
| 500 | _aInclude bibliographies and index. | ||
| 650 |
_aPsychology _xstatistical methods. |
||
| 650 | _aEducational statistics. | ||
| 700 | _aWallnau, Larry B. | ||
| 942 |
_2lcc _cBOOKS _hBF 39 .G72 1996 |
||